| 000 | 02318cam a22004454i 4500 | ||
|---|---|---|---|
| 003 | PE-LiUPU | ||
| 005 | 20250731175623.0 | ||
| 008 | 150623s r 000 0 d | ||
| 020 | _a0940490676 | ||
| 035 | _a(Sirsi) i9780940490673 | ||
| 040 |
_aPE-LiUPU _bspa _cPE-LiUPU _erda |
||
| 049 | _aPRUA | ||
| 082 | 0 | 4 |
_a410.956 _bL55 _221 |
| 245 | 0 | 0 |
_aLanguage, literature, and history : _bphilological and historical studies presented to Erica Reiner / _ceditado por Francesca Rochberg-Halton. |
| 264 | 1 |
_aNew Haven, Connecticut : _bAmerican Oriental Society, _c1987. |
|
| 300 |
_a439 páginas : _bilustraciones láms. ; _c26 centímetros |
||
| 336 |
_atext _2rdacontent |
||
| 337 |
_aunmediated _2rdamedia |
||
| 338 |
_avolume _2rdacarrier |
||
| 490 | 0 |
_aAmerican Oriental Series ; _v67 |
|
| 504 | _aIncluye bibliografía. | ||
| 505 | 0 | _aBabylonian prophecies, astrology, and a new source for "Prophecy text B". -Pazuzu. -Twenty minas of copper. -Feeding dumuzi's sheep: the lexicon as a source of literary inspiration. -Zur ritualtafel der sog. "love lyrics". -Literary structure in the laws of eshnunna. -Tamarisken-fibeln-skolopender. -Une tablette de la couche I b de kanis. -Compound divine names in the ur III period. -Paradigm pressure, verbal pathology, and lexical replacement: a note on the development of weak root in amharic. -Hittite liver models. -Fons. -Empfehlungen an den konig. -Na Kisib lugal sa sipreti. -The symbolism of the flies in the mesopotamian flood myth and some further implications. -Ein verirrter ninive-text. | |
| 526 | _aP145 | ||
| 526 | _aP127 | ||
| 526 | _aP97 | ||
| 526 | _aP35 | ||
| 526 | _aP14 | ||
| 526 | _aP07 | ||
| 600 | 1 |
_aReiner, Erica. _d1924-2005 |
|
| 650 | 0 | 4 |
_aOriente Cercano _xFilología. |
| 650 | 0 | 4 |
_aOriente Cercano _zCivilización _yA 622. |
| 700 | 1 |
_aReiner, Erica, _d1924-2005 |
|
| 700 | 1 |
_aRochberg, Francesca1952-, _eed. |
|
| 942 |
_2ddc _cBOOK |
||
| 949 |
_a410.956 L55 _wDEWEY _c1 _i44970 _lCCODEBUL1 _mBUL _r0 _sY _tBOOK _u2015-6-24 _xTEOLOGIA _PP35 _0COMPRA _o.STAFF. Colección General |
||
| 994 |
_aC0 _bPEPRU |
||
| 596 | _a1 | ||
| 999 |
_a410.956 L55 _wDEWEY _c21847 _i44970 _f2021-11-8 _g5 _lCCODEBUL1 _mBUL _r0 _sY _tBOOK _u2015-6-24 _xEDUCACION _PP35 _0COMPRA _o.STAFF. Colección General _d21847 |
||
| 980 |
_81 _gALBERTO SANCHEZ Responsable de Automatización |
||